|
|
|
|
| LEADER |
00000nam a22000007a 4500 |
| 005 |
2020111701361.0 |
| 007 |
cr|||| |||| |
| 008 |
201117s2019 br |||||s|||| 00||0 por d |
| 020 |
|
|
|a 978-85-8310-128-4
|
| 035 |
|
|
|a 32323
|
| 040 |
|
|
|a vLex
|
| 090 |
|
|
|c 10875
|d 10875
|
| 100 |
1 |
|
|a Fallet, Allan
|
| 245 |
1 |
1 |
|a A natureza jurd̕ica do processo administrativo fiscal
|h [Recurso electrn̤ico] /
|c Allan Fallet
|
| 256 |
|
|
|a Servicio en ln̕ea
|
| 260 |
|
|
|a San Pablo:
|b Editora Noeses,
|c 2019
|
| 300 |
|
|
|a 1 recurso electrn̤ico
|
| 506 |
1 |
|
|a Disponible solo en los productos indicados
|d vLex Global
|d vLex Global (Academic Edition, excluding Law Schools)
|d vLex Global (U.S. Academic Edition, Law Schools)
|d vLex Global (U.S. Academic Edition, excluding Law Schools)
|d vLex Global (Academic Edition, Law Schools)
|
| 650 |
0 |
4 |
|a Derecho Pb︢lico y Administrativo
|z Brasil
|
| 650 |
0 |
4 |
|a Derecho Fiscal
|z Brasil
|
| 740 |
0 |
|
|a vLex Libros (Servicio en ln̕ea)
|
| 856 |
4 |
0 |
|u http://vlex.com/source/natureza-juridica-processo-administrativo-fiscal-32323
|z Acceso restringido
|
| 942 |
|
|
|c BOOK
|
| 999 |
0 |
|
|a Public and Administrative Law
|
| 999 |
0 |
|
|a Tax Law
|